[Event "Retro WM 84 Glasgow"]
[Site "Salzgitter"]
[Date "2019.11.10"]
[Round "34"]
[White "Chafitz ARB 4.0 50 S TM , 16 MHz"]
[Black "Chafitz Sargon ARB 3.5 TM , 12 MHz"]
[Result "1-0"]
[WhiteElo "1885"]
[BlackElo "1750"]
[PlyCount "95"]

1. d4 Nf6 2. Nf3 b6 3. Nc3 Bb7 4. e3 g6 5. Bd3 Bg7 6. e4 O-O 7. O-O d5 8. e5
Ne4 9. Qe1 Nxc3 10. Qxc3 Ba6 11. Bxa6 Nxa6 12. Qa3 Nb8 13. Bg5 Nc6 14. Qa4 Qe8
15. Qb3 e6 16. Rfe1 Na5 17. Qb4 Rc8 18. a4 Nc4 19. b3 Na5 20. c4 c5 21. dxc5
dxc4 22. bxc4 Rxc5 23. Rac1 Qc8 24. Re4 Qc6 25. Rh4 Rc8 26. Be3 Rxc4 27. Rhxc4
Nxc4 28. Nd2 Qd5 29. Nxc4 Bxe5 30. f3 Bf6 31. Bh6 Qd4+ 32. Kh1 Qh4 33. Be3 Be5
34. h3 Bf6 35. Qb5 Kg7 36. f4 Qg3 37. Bd2 Rd8 38. Qb4 Rd3 39. Nd6 Be7 40. Qb2+
f6 41. Rc7 Rxd6 42. Rxe7+ Kh6 43. Qxf6 Qxg2+ 44. Kxg2 Rxd2+ 45. Kg3 Rd3+ 46.
Kg4 Rg3+ 47. Kxg3 a6 48. Qg5# 1-0

[Event "Retro WM 84 Glasgow"]
[Site "Salzgitter"]
[Date "2019.11.12"]
[Round "15"]
[White "Chafitz Sargon ARB 3.5 TM , 12 MHz"]
[Black "Chafitz ARB 4.0 50 S TM , 16 MHz"]
[Result "0-1"]
[WhiteElo "1750"]
[BlackElo "1885"]
[PlyCount "76"]

1. d4 Nf6 2. c4 c5 3. d5 e6 4. Nc3 exd5 5. cxd5 d6 6. e4 g6 7. Nf3 Bg7 8. Bd3
O-O 9. O-O Re8 10. Bf4 Na6 11. Bb5 Bd7 12. Bxd7 Qxd7 13. Re1 Ng4 14. a4 Nb4 15.
Nb5 Bxb2 16. Nxd6 Bxa1 17. Nxe8 Rxe8 18. Qxa1 Nc2 19. Qb1 Nxe1 20. Nxe1 Qxa4
21. Qxb7 Qxe4 22. Qb5 Qxe1+ 23. Qf1 Qe4 24. Bg3 Qxd5 25. Qa1 Qd4 26. Qb1 c4 27.
h3 Qd2 28. f3 c3 29. Qf1 Ne3 30. Qf2 Qxf2+ 31. Bxf2 c2 32. Bxe3 Rxe3 33. Kf2
c1=Q 34. Kg3 a5 35. Kg4 f5+ 36. Kf4 Re2+ 37. Kg3 Qg5+ 38. Kh2 Qxg2# 0-1

[Event "Retro WM 84 Glasgow"]
[Site "Salzgitter"]
[Date "2019.11.12"]
[Round "17"]
[White "Chafitz ARB 4.0 50 S TM , 24 MHz"]
[Black "Chafitz ARB 4.0 50 S TM , 16 MHz"]
[Result "0-1"]
[WhiteElo "1915"]
[BlackElo "1885"]
[PlyCount "182"]

1. d4 d5 2. Nf3 Nf6 3. e3 e6 4. Bd3 c5 5. c3 Nbd7 6. Nbd2 Bd6 7. O-O O-O 8. Re1
Qc7 9. e4 cxd4 10. cxd4 dxe4 11. Nxe4 Nd5 12. Nxd6 Qxd6 13. Ne5 b6 14. Nc4 Qc7
15. Bd2 Bb7 16. Rc1 Bc6 17. Qc2 g6 18. Na3 Nb8 19. Qb3 Nd7 20. Bb5 Nb8 21. Bh6
Rc8 22. Bc4 Qd8 23. Qh3 a6 24. Rxe6 Bd7 25. Bxd5 Bxe6 26. Bxe6 Rxc1+ 27. Bxc1
fxe6 28. Qxe6+ Kg7 29. Qe5+ Kg8 30. Bg5 Qd7 31. Qe4 Nc6 32. Be3 Rd8 33. Nc2 Qd5
34. f3 Kh8 35. Bf4 b5 36. Bc7 Rd7 37. Bg3 Kg7 38. Bf2 Rd6 39. b3 Qf7 40. Be3
Qd5 41. Qg4 Rd7 42. Bf2 Qf7 43. b4 Qf5 44. Qe4 Qd5 45. a3 h6 46. Qe1 Kh7 47.
Qe8 Rd8 48. Qe4 Rd7 49. Qg4 Re7 50. Qc8 Qb3 51. Qxc6 Qb1+ 52. Be1 Rxe1+ 53. Kf2
Re7 54. d5 Qd1 55. Kg3 Qd2 56. h4 Rf7 57. Kh3 Qf4 58. d6 Kg7 59. g3 Qxf3 60.
Qxf3 Rxf3 61. Ne1 Rf7 62. Nd3 Rd7 63. Nc5 Rxd6 64. g4 Rd2 65. Nxa6 Rd3+ 66. Kg2
Rc3 67. Nc5 Rxa3 68. g5 hxg5 69. hxg5 Re3 70. Kf2 Re5 71. Kf3 Rxg5 72. Ke3 Rg4
73. Ne6+ Kh6 74. Nd4 g5 75. Kd3 Kh5 76. Kc3 Rxd4 77. Kxd4 Kh4 78. Ke3 Kg3 79.
Kd4 g4 80. Kc5 Kf3 81. Kxb5 g3 82. Kc6 g2 83. b5 g1=Q 84. b6 Qc1+ 85. Kd7 Qb2
86. Kc7 Qe5+ 87. Kc8 Qc5+ 88. Kb7 Ke4 89. Ka6 Kd5 90. b7 Kc6 91. b8=Q Qa3# 0-1

[Event "Retro WM 84 Glasgow"]
[Site "Salzgitter"]
[Date "2019.11.13"]
[Round "29"]
[White "Chafitz Sargon ARB 3.5 TM , 12 MHz"]
[Black "Chafitz ARB 4.0 50 S TM , 24 MHz"]
[Result "0-1"]
[WhiteElo "1750"]
[BlackElo "1915"]
[PlyCount "130"]

1. d4 Nf6 2. c4 d6 3. Nc3 e5 4. dxe5 dxe5 5. Qxd8+ Kxd8 6. Nf3 Nfd7 7. e4 Ke8
8. Bg5 Nc6 9. Nd5 Bb4+ 10. Bd2 Bd6 11. Bd3 Nc5 12. Bc2 Bg4 13. Be3 Bxf3 14.
gxf3 Nd4 15. Bxd4 exd4 16. b4 Ne6 17. c5 Be5 18. Rd1 Rd8 19. Ba4+ c6 20. f4
Nxf4 21. Nxf4 Bxf4 22. Bc2 Ke7 23. h4 Kf6 24. Bd3 Rd7 25. Rg1 h5 26. Ke2 Rhd8
27. Kf3 Bh2 28. Rg2 Bc7 29. Rg5 g6 30. b5 Bh2 31. Re1 Kg7 32. bxc6 bxc6 33. Rb1
Re7 34. Rg2 Be5 35. Rgg1 Bf6 36. Kg3 Re5 37. Rb7 Rxc5 38. Rxa7 Rc3 39. Rd1 c5
40. Ra4 Rc8 41. Rc4 Ra3 42. Rc2 c4 43. f4 Rxd3+ 44. Rxd3 cxd3 45. Rd2 Rc2 46.
Rxd3 Rc3 47. Rf3 Bxh4+ 48. Kg2 d3 49. Rxd3 Rxd3 50. a4 Ra3 51. a5 Rxa5 52. Kf3
Ra3+ 53. Ke2 Kf6 54. Kd1 Bg3 55. e5+ Kf5 56. e6 fxe6 57. Kc2 h4 58. Kb2 Ra7 59.
Kc3 h3 60. Kc4 h2 61. Kd4 h1=Q 62. Kd3 Qd5+ 63. Kc2 Ra2+ 64. Kb1 Qb3+ 65. Kc1
Bxf4# 0-1

[Event "Retro WM 84 Glasgow"]
[Site "Salzgitter"]
[Date "2019.11.13"]
[Round "10"]
[White "Chafitz ARB 4.0 50 S TM , 24 MHz"]
[Black "Chafitz Sargon ARB 3.5 TM , 12 MHz"]
[Result "1-0"]
[WhiteElo "1915"]
[BlackElo "1750"]
[PlyCount "51"]

1. e4 e5 2. Nf3 Nc6 3. Bc4 Bc5 4. c3 Nf6 5. d4 exd4 6. cxd4 Bb4+ 7. Bd2 Nxe4 8.
Bxb4 Nxb4 9. Bxf7+ Kxf7 10. Qb3+ Kf6 11. Qxb4 b6 12. O-O Re8 13. Qb5 d5 14. Rc1
Bb7 15. Ne5 Rc8 16. Nc6 Bxc6 17. Qxc6+ Kf5 18. Qb7 a5 19. Nc3 Nxc3 20. Rxc3 Re2
21. Qc6 Rxb2 22. Rf3+ Kg4 23. Qe6+ Kh4 24. Qh3+ Kg5 25. Rf5+ Kg6 26. Qh5# 1-0

[Event "Retro WM 84 Glasgow"]
[Site "Salzgitter"]
[Date "2019.11.18"]
[Round "5"]
[White "Conchess T6 Glasgow , 5,5 MHz"]
[Black "Chafitz ARB 4.0 50 S TM , 24 MHz"]
[Result "1-0"]
[WhiteElo "1898"]
[BlackElo "1915"]
[PlyCount "231"]

1. e4 e6 2. d4 d5 3. e5 c5 4. c3 Nc6 5. Nf3 Qb6 6. a3 c4 7. Nbd2 f6 8. exf6
Nxf6 9. Ne5 Bd6 10. Nxc6 bxc6 11. Be2 O-O 12. Nf3 c5 13. O-O cxd4 14. cxd4 Ne4
15. Qc2 Ba6 16. a4 Rab8 17. a5 Qb3 18. Qxb3 Rxb3 19. Ne5 Rb7 20. Ra2 Bb5 21.
Be3 c3 22. Bxb5 Rxb5 23. bxc3 Bxe5 24. dxe5 Nxc3 25. Rc2 Na4 26. Ra1 Rb4 27.
Bxa7 Ra8 28. Be3 d4 29. Bd2 Nc3 30. Bxc3 dxc3 31. Rxc3 Rxa5 32. Rd1 Rxe5 33.
Rc7 Rd5 34. Rdc1 e5 35. Kf1 Rb2 36. Ra1 h5 37. Rc3 Rdd2 38. Rf3 e4 39. Rf5 Kh7
40. Re1 Kg6 41. Rf4 Kg5 42. g3 Kh6 43. h4 Kg6 44. Rexe4 Ra2 45. Re6+ Kh7 46.
Rf5 g6 47. Re7+ Kg8 48. Rf6 Rd1+ 49. Kg2 Rd5 50. Rxg6+ Kf8 51. Re1 Rf5 52. Rf1
Kf7 53. Rh6 Kg7 54. Re6 Rd5 55. Re4 Rdd2 56. g4 hxg4 57. Kg3 Kh6 58. Rf4 Rd3+
59. Kxg4 Raa3 60. Rf6+ Kg7 61. Rc6 Rf3 62. h5 Kh7 63. Rc7+ Kh6 64. Rc2 Kg7 65.
Rh1 Kh6 66. Rc6+ Kh7 67. Rc7+ Kh6 68. Rc2 Rad3 69. Rc6+ Kh7 70. Rc7+ Kh6 71.
Re1 Rf6 72. f4 Rd4 73. Rf1 Rd2 74. Rc8 Rg2+ 75. Kh3 Ra2 76. Rh8+ Kg7 77. Re8
Kh6 78. Rg8 Kh7 79. Rg4 Kh6 80. Rh4 Ra7 81. Re1 Ra4 82. Kg3 Ra5 83. Kg4 Ra4 84.
Rf1 Rf8 85. Rf3 Rg8+ 86. Kf5 Ra5+ 87. Ke6 Ra6+ 88. Kd5 Ra5+ 89. Kd6 Rxh5 90.
Rxh5+ Kxh5 91. f5 Rd8+ 92. Ke7 Ra8 93. f6 Ra7+ 94. Kf8 Kg4 95. Rf2 Kg3 96. Rf1
Kg2 97. Rf5 Kh3 98. f7 Kg4 99. Rf1 Kg5 100. Kg8 Ra8+ 101. f8=Q Rxf8+ 102. Rxf8
Kh6 103. Rf6+ Kh5 104. Kg7 Kg5 105. Rf1 Kg4 106. Kh6 Kg3 107. Kg5 Kg2 108. Rf5
Kg3 109. Rf4 Kh3 110. Rf3+ Kh2 111. Kh4 Kg2 112. Rf4 Kh2 113. Rf2+ Kh1 114. Kh3
Kg1 115. Kg3 Kh1 116. Rf1# 1-0

[Event "Retro WM 84 Glasgow"]
[Site "Salzgitter"]
[Date "2019.11.14"]
[Round "30"]
[White "Chafitz ARB 4.0 50 S TM , 24 MHz"]
[Black "Petrosjan Glasgow TM , 20 MHz"]
[Result "0-1"]
[WhiteElo "1915"]
[BlackElo "1830"]
[PlyCount "150"]

1. e4 e6 2. d4 d5 3. Nc3 Bb4 4. e5 c5 5. a3 Bxc3+ 6. bxc3 Qc7 7. Nf3 Ne7 8. Be2
b6 9. O-O Ba6 10. Bxa6 Nxa6 11. Qe2 c4 12. Bf4 O-O 13. Rab1 Ng6 14. Bg5 Qd7 15.
h4 h6 16. h5 Ne7 17. Bf4 Qa4 18. Qd2 Nc7 19. Qc1 Nb5 20. Qb2 a6 21. Ra1 Nf5 22.
Bc1 Ra7 23. Bd2 Rb7 24. Rfc1 f6 25. exf6 Rxf6 26. Qb4 Qxb4 27. axb4 Nfd6 28.
Rxa6 Ne4 29. Ra8+ Rf8 30. Rxf8+ Kxf8 31. Ra1 Ke7 32. Be3 Ra7 33. Rxa7+ Nxa7 34.
Ne5 Nb5 35. Ng6+ Kd7 36. Kh2 Na3 37. Nf8+ Ke7 38. Ng6+ Kf6 39. Ne5 Nxc2 40.
Nd7+ Ke7 41. Nxb6 Nxc3 42. Nc8+ Kd7 43. Na7 Ne2 44. b5 Nxe3 45. fxe3 c3 46. Nc6
c2 47. Ne5+ Kc7 48. Nd3 Kb6 49. g4 Kxb5 50. g5 hxg5 51. Kg2 Kc4 52. Ne5+ Kb3
53. Kf2 c1=Q 54. Kxe2 Qc2+ 55. Ke1 Kc3 56. Kf1 Qd2 57. Nc6 Qxe3 58. Kg2 g4 59.
Ne5 Qh3+ 60. Kg1 Kxd4 61. Nxg4 Qxg4+ 62. Kf2 Kd3 63. Kf1 Qf3+ 64. Kg1 e5 65. h6
gxh6 66. Kh2 e4 67. Kg1 Ke3 68. Kh2 Qe2+ 69. Kg3 h5 70. Kh3 Qg4+ 71. Kh2 d4 72.
Kh1 d3 73. Kh2 d2 74. Kh1 d1=Q+ 75. Kh2 Qdg1# 0-1

[Event "Retro WM 84 Glasgow"]
[Site "Salzgitter"]
[Date "2019.11.19"]
[Round "24"]
[White "Chafitz ARB 4.0 50 S TM , 24 MHz"]
[Black "Conchess T6 Glasgow , 5,5 MHz"]
[Result "0-1"]
[WhiteElo "1915"]
[BlackElo "1898"]
[PlyCount "134"]

1. d4 d5 2. c4 c6 3. Nf3 Nf6 4. Nc3 dxc4 5. a4 Bf5 6. e3 e6 7. Bxc4 Bb4 8. O-O
O-O 9. Qe2 Re8 10. Nh4 Bg4 11. f3 Bh5 12. Qf2 Nd5 13. Bd2 Be7 14. g3 Bxh4 15.
gxh4 Nxc3 16. bxc3 Nd7 17. Rab1 Nb6 18. Bd3 Qc8 19. a5 Nd7 20. Qg3 c5 21. Kf2
cxd4 22. cxd4 b6 23. Rg1 g6 24. Rb5 f5 25. Rc1 Qd8 26. axb6 axb6 27. Ke1 Qb8
28. Rc7 f4 29. Qg2 Qxc7 30. exf4 Kh8 31. Rb1 Ra4 32. Qf2 Rf8 33. Bb5 Ra3 34.
Qe2 Rf6 35. Bd3 Ra2 36. Qe3 Qd6 37. Bc4 Ra3 38. Bb3 Ra7 39. d5 e5 40. Bc3 Qc5
41. Qxc5 bxc5 42. Bxe5 Nxe5 43. fxe5 Rxf3 44. e6 Rd3 45. Bc4 Rd4 46. Rb8+ Kg7
47. Bb3 c4 48. Bxc4 Rxc4 49. Kf1 Rc2 50. Rb1 Rxh2 51. Kg1 Rd2 52. Re1 Re7 53.
Re5 Bf3 54. h5 Bxh5 55. Kf1 Kf6 56. Re4 Kf5 57. Re1 Bf3 58. d6 Rxe6 59. Rxe6
Kxe6 60. d7 Kxd7 61. Ke1 Re2+ 62. Kf1 Ke6 63. Kg1 Kf5 64. Kf1 Kf4 65. Kg1 Kg3
66. Kf1 Bg4 67. Kg1 Re1# 0-1

[Event "Retro WM 84 Glasgow"]
[Site "Salzgitter"]
[Date "2019.11.23"]
[Round "3"]
[White "Meph. Excalibur O Serie , 8 MHz"]
[Black "Chafitz ARB 4.0 50 S TM , 24 MHz"]
[Result "0-1"]
[WhiteElo "1750"]
[BlackElo "1915"]
[PlyCount "78"]

1. Nf3 d5 2. d4 Nf6 3. c4 dxc4 4. e3 b5 5. a4 c6 6. axb5 cxb5 7. b3 Be6 8. bxc4
Bxc4 9. Bxc4 bxc4 10. Qa4+ Nbd7 11. Na3 c3 12. Qc6 Rc8 13. Qa4 e6 14. Nb5 a5
15. Na7 Rc7 16. Nb5 Rc6 17. Na7 Ra6 18. Nc6 Qa8 19. Nxa5 Bd6 20. O-O Bc7 21.
Qc2 Rxa5 22. Rb1 Qe4 23. Qb3 O-O 24. Ba3 Rc8 25. Bb4 Rb5 26. Qa4 Rcb8 27. Rfc1
Nd5 28. Ng5 Qg6 29. Nf3 N7f6 30. Nh4 Qe4 31. Nf3 Nxb4 32. Ra1 Nd3 33. Rxc3 Rb1+
34. Ne1 Nxe1 35. f3 Nxf3+ 36. Kf2 R8b2+ 37. Qc2 Ng4+ 38. Ke2 Rxc2+ 39. Rxc2
Qxe3# 0-1

[Event "Retro WM 84 Glasgow"]
[Site "Salzgitter"]
[Date "2019.11.23"]
[Round "22"]
[White "Chafitz ARB 4.0 50 S TM , 24 MHz"]
[Black "Meph. Excalibur O Serie , 8 MHz"]
[Result "1-0"]
[WhiteElo "1915"]
[BlackElo "1750"]
[PlyCount "77"]

1. Nf3 d5 2. c4 d4 3. g3 Nc6 4. Bg2 e5 5. d3 Bb4+ 6. Bd2 Bxd2+ 7. Nbxd2 Qe7 8.
Qa4 Bd7 9. O-O Nf6 10. Qb5 Rb8 11. e3 O-O 12. exd4 exd4 13. Rfe1 Qb4 14. a3 Qd6
15. Ng5 Rfe8 16. Rxe8+ Nxe8 17. Re1 h6 18. Nge4 Qe6 19. Nf3 a6 20. Qb3 Nf6 21.
Nc5 Qf5 22. Nxd7 Nxd7 23. Nh4 Qa5 24. Re2 Nc5 25. Qd1 Ne6 26. f4 Qh5 27. Nf3 b5
28. Qe1 Qg4 29. h3 Qf5 30. Nh4 Qc5 31. Rxe6 fxe6 32. Qxe6+ Kh8 33. Ng6+ Kh7 34.
Be4 Qd6 35. Ne5+ g6 36. Qf7+ Kh8 37. Nxg6+ Qxg6 38. Qxg6 Ne7 39. Qh7# 1-0

[Event "Retro WM 84 Glasgow"]
[Site "Salzgitter - Neudorf"]
[Date "2019.11.24"]
[Round "4"]
[White "Chafitz ARB 4.0 50 S TM , 24 MHz"]
[Black "Chafitz Steinitz TM , 20 MHz"]
[Result "1/2-1/2"]
[WhiteElo "1915"]
[BlackElo "1890"]
[PlyCount "115"]

1. Nf3 d5 2. c4 c6 3. b3 Bf5 4. d4 dxc4 5. bxc4 Nf6 6. Nc3 Qc7 7. e3 Na6 8. Bd3
Bxd3 9. Qxd3 e6 10. O-O Bb4 11. a3 Bxc3 12. Qxc3 O-O-O 13. Qc2 c5 14. Rb1 Kb8
15. Bd2 b6 16. a4 cxd4 17. exd4 Ka8 18. Ra1 h6 19. Rfb1 Rb8 20. a5 b5 21. c5
Rhg8 22. Rb3 g5 23. Ne5 Nd5 24. Qe4 h5 25. Rc1 f6 26. Nd3 Qc6 27. Qh7 Rh8 28.
Qf7 Rb7 29. Qg6 Rbb8 30. Rbb1 b4 31. Rb2 Qc7 32. Qe4 Qc6 33. Qe2 h4 34. Rc4 h3
35. gxh3 b3 36. Qf3 Qb5 37. Rc1 Rh4 38. Bc3 Rbh8 39. Ne1 Rxh3 40. Qg2 Qc4 41.
Nf3 Nxc3 42. Nh4+ Kb8 43. Qxh3 Ne2+ 44. Rxe2 Qxc1+ 45. Kg2 b2 46. Qb3+ Kc7 47.
Rxb2 Rxh4 48. Qb7+ Kd8 49. c6 Ke8 50. Qc8+ Kf7 51. Rb7+ Kg6 52. Qxe6 Rxd4 53.
c7 Nxc7 54. Qg8+ Kf5 55. Qc8+ Kg6 56. Qg8+ Kf5 57. Qc8+ Kg6 58. Qg8+ 1/2-1/2

[Event "Retro WM 84 Glasgow"]
[Site "Neudorf - Salzgitter"]
[Date "2019.11.24"]
[Round "23"]
[White "Chafitz Steinitz TM , 20 MHz"]
[Black "Chafitz ARB 4.0 50 S TM , 24 MHz"]
[Result "0-1"]
[WhiteElo "1890"]
[BlackElo "1915"]
[PlyCount "142"]

1. e4 c5 2. Nf3 d6 3. d4 cxd4 4. Nxd4 Nf6 5. Nc3 Nc6 6. Bc4 Qb6 7. Nb3 e5 8.
Be3 Qb4 9. Bd3 Ng4 10. Bg5 f6 11. Bh4 g5 12. h3 Nh6 13. a3 Qb6 14. Qh5+ Nf7 15.
Bc4 Qc7 16. Nb5 Qe7 17. Bxf7+ Qxf7 18. Nc7+ Ke7 19. Qxf7+ Kxf7 20. Nxa8 gxh4
21. O-O Rg8 22. Kh2 f5 23. Nd2 fxe4 24. Nxe4 Bf5 25. f3 Nd4 26. c4 Nb3 27. Rad1
Na5 28. Rxd6 Bxd6 29. Nxd6+ Ke6 30. Nxf5 Kxf5 31. Nc7 Nxc4 32. Rf2 Rc8 33. Nd5
Rd8 34. Nc3 Ne3 35. Re2 Nf1+ 36. Kg1 Ng3 37. Rf2 Kf4 38. a4 Ke3 39. a5 Kd3 40.
f4 e4 41. f5 e3 42. Rf3 Kd2 43. f6 e2 44. Rf2 Rf8 45. Nxe2 Nxe2+ 46. Kf1 Kd1
47. Rxe2 Rxf6+ 48. Rf2 Rxf2+ 49. Kxf2 Kc2 50. Kf3 Kxb2 51. Kg4 b5 52. axb6 axb6
53. Kxh4 b5 54. g4 b4 55. Kg5 b3 56. Kh6 Kc3 57. Kxh7 b2 58. Kh6 b1=Q 59. h4
Qb6+ 60. Kh5 Kd4 61. Kg5 Qd8+ 62. Kf5 Qxh4 63. g5 Qe4+ 64. Kf6 Qe5+ 65. Kf7
Qxg5 66. Ke6 Qe5+ 67. Kf7 Kd5 68. Kf8 Ke6 69. Kg8 Kf6 70. Kh8 Kg6+ 71. Kg8 Qg7#
0-1

[Event "Retro WM 84 Glasgow"]
[Site "Salzgitter"]
[Date "2019.11.25"]
[Round "38"]
[White "Meph. Excalibur O Serie , 8 MHz"]
[Black "Sandy TSB 4 La Regence , 8 MHz"]
[Result "1-0"]
[WhiteElo "1750"]
[BlackElo "1730"]
[PlyCount "109"]

1. e4 c6 2. Nc3 d5 3. Nf3 Bg4 4. h3 Bxf3 5. Qxf3 d4 6. Nb1 e6 7. Bc4 Nf6 8. O-O
Bd6 9. c3 Nbd7 10. cxd4 Qb6 11. Qe3 e5 12. d5 Qxe3 13. dxe3 Nb6 14. Bb3 cxd5
15. exd5 a5 16. Nc3 a4 17. Bc2 Nfxd5 18. Nxd5 Nxd5 19. Rd1 Nb4 20. Bxh7 Rxh7
21. Rxd6 Nc2 22. Rb1 e4 23. Bd2 Ke7 24. Rd5 Ra6 25. Rc5 Rc6 26. Rxc6 bxc6 27.
Rc1 Nxe3 28. Bxe3 Kd6 29. Rd1+ Ke5 30. Rd7 f5 31. Bd4+ Ke6 32. Rxg7 Rxg7 33.
Bxg7 f4 34. g4 e3 35. Kf1 Kd5 36. fxe3 fxe3 37. Bh6 Kd4 38. Ke2 Ke4 39. Bxe3
Ke5 40. b3 axb3 41. axb3 Kd5 42. Kf3 c5 43. h4 Kd6 44. g5 Kd5 45. h5 c4 46. h6
cxb3 47. Bc1 Kd4 48. h7 Kd5 49. h8=Q Kc4 50. g6 Kc5 51. g7 Kc4 52. g8=Q+ Kc5
53. Qc3+ Kd6 54. Qd8+ Ke6 55. Qcf6# 1-0

[Event "Retro WM 84 Glasgow"]
[Site "Salzgitter"]
[Date "2019.11.25"]
[Round "17"]
[White "Sandy TSB 4 La Regence , 8 MHz"]
[Black "Meph. Excalibur X NY , 8 MHz"]
[Result "0-1"]
[WhiteElo "1730"]
[BlackElo "1750"]
[PlyCount "174"]

1. e4 d5 2. exd5 Qxd5 3. Nc3 Qa5 4. d4 Nf6 5. Nf3 Bg4 6. h3 Bf5 7. Bc4 Nc6 8.
d5 Nb4 9. Nd4 Bg6 10. Nb3 Qb6 11. Be3 Nxc2+ 12. Qxc2 Qxe3+ 13. fxe3 Bxc2 14.
Bb5+ Nd7 15. O-O Bxb3 16. axb3 f6 17. Ne4 a6 18. Bxd7+ Kxd7 19. Nc5+ Kc8 20.
Rfc1 Ra7 21. Kh2 e5 22. dxe6 Bxc5 23. Rxc5 Re8 24. Rac1 c6 25. Rd1 Rxe6 26. Rd3
Re4 27. Kg3 Kc7 28. Kf3 Rb4 29. g4 Kb6 30. Rcc3 h5 31. gxh5 Rb5 32. Kg4 Rg5+
33. Kh4 Rg2 34. Rc4 Ra8 35. Rb4+ Ka5 36. Rxb7 c5 37. Rd5 Rc8 38. b4+ Ka4 39.
bxc5 Rc6 40. e4 Rg1 41. b3+ Ka3 42. b4 Ka4 43. Rdd7 Re6 44. Rd4 Kb3 45. Rbd7
Kc3 46. R7d5 Re1 47. Rd3+ Kxb4 48. R3d4+ Kb5 49. Kg4 R6xe4+ 50. Rxe4 Rxe4+ 51.
Kf5 Re3 52. h4 Rg3 53. Rd6 Rh3 54. c6 Kb6 55. Kg4 Rc3 56. Rd7 Rc4+ 57. Kg3 Kxc6
58. Rxg7 Kd5 59. Rg6 Ke5 60. h6 Rc7 61. h5 a5 62. Kf2 Rd7 63. Rg2 Rh7 64. Rg6
Kf5 65. Ke3 a4 66. Kd3 a3 67. Kc3 Ra7 68. Rg7 Ra8 69. Rd7 a2 70. Rd5+ Ke6 71.
Rd1 a1=Q+ 72. Rxa1 Rxa1 73. h7 Ra8 74. h6 Rh8 75. Kd4 f5 76. Kd3 Ke5 77. Kc3 f4
78. Kc4 Ke4 79. Kc3 Ke3 80. Kb2 f3 81. Kc3 f2 82. Kc4 Rxh7 83. Kd5 Rxh6 84. Kc4
Rh5 85. Kc3 Rb5 86. Kc4 f1=Q+ 87. Kc3 Qd3# 0-1

[Event "Retro WM 84 Glasgow"]
[Site "Salzgitter"]
[Date "2019.11.26"]
[Round "36"]
[White "Meph. Excalibur X NY , 8 MHz"]
[Black "Sandy TSB 4 La Regence , 8 MHz"]
[Result "1-0"]
[WhiteElo "1750"]
[BlackElo "1730"]
[PlyCount "131"]

1. c4 e5 2. Nc3 Nf6 3. Nf3 Nc6 4. d4 e4 5. Ng5 Bb4 6. d5 Ne5 7. Qd4 d6 8. Ngxe4
c5 9. dxc6 Nxc6 10. Nxf6+ Qxf6 11. Qxf6 gxf6 12. Bd2 Bf5 13. a3 Nd4 14. Rc1
Bxc3 15. Bxc3 Nc2+ 16. Kd2 Rc8 17. Bxf6 Rg8 18. e3 Rg6 19. Bh8 f6 20. Bd3 Bxd3
21. Kxd3 Nxe3 22. fxe3 Ke7 23. Bxf6+ Rxf6 24. Rhe1 Rg8 25. g3 Rgf8 26. b4 Rf2
27. Rh1 R8f3 28. c5 h5 29. cxd6+ Kxd6 30. Rc5 h4 31. Rg5 h3 32. Rh5 Ra2 33. Ke4
Rff2 34. Rxh3 Rxa3 35. Rh6+ Ke7 36. Rh7+ Rf7 37. Rxf7+ Kxf7 38. Rc1 Ke6 39. Rc7
b5 40. Rc5 a6 41. Re5+ Kd6 42. h4 Rxe3+ 43. Kxe3 Kxe5 44. h5 Kf5 45. g4+ Kg5
46. Kf3 Kf6 47. Kf4 Ke6 48. Kg5 Kf7 49. h6 Kf8 50. Kf6 Kg8 51. Kg6 Kh8 52. Kf7
Kh7 53. g5 a5 54. bxa5 b4 55. g6+ Kxh6 56. g7 Kg5 57. g8=Q+ Kf5 58. a6 b3 59.
Qb8 b2 60. Qxb2 Ke4 61. Qc3 Kd5 62. a7 Ke4 63. a8=Q+ Kf4 64. Kf6 Kg4 65. Kg6
Kf4 66. Qaf3# 1-0

[Event "Retro WM 84 Glasgow"]
[Site "Salzgitter"]
[Date "2019.11.28"]
[Round "13"]
[White "Sandy TSB 4 La Regence , 8 MHz"]
[Black "Psion Sinclair QL , 7,5 MHz"]
[Result "1/2-1/2"]
[WhiteElo "1730"]
[BlackElo "1787"]
[PlyCount "116"]

1. e4 c5 2. f4 e6 3. Nf3 d5 4. Nc3 Nc6 5. Bb5 Nge7 6. Ne5 a6 7. Qh5 g6 8. Bxc6+
bxc6 9. Qh4 Bg7 10. d3 Qc7 11. Qg3 O-O 12. O-O Bb7 13. Bd2 Rad8 14. Rae1 Qd6
15. Qh4 Rfe8 16. Qf2 d4 17. Nc4 Qb8 18. Na4 Bc8 19. Ba5 Rd7 20. Bb6 Rb7 21. Qh4
h6 22. Bxc5 g5 23. Qh5 Rf8 24. fxg5 Be5 25. gxh6 f6 26. Na5 Qc7 27. Bxe7 Qxe7
28. Nxb7 Bxb7 29. Nb6 Kh7 30. Nc4 Bc7 31. e5 fxe5 32. Rxf8 Qxf8 33. Rf1 Qd8 34.
Qf7+ Kxh6 35. h4 Qxh4 36. Qxc7 Ba8 37. Qb8 e4 38. Qh8+ Kg5 39. Qxa8 exd3 40.
cxd3 Qg3 41. Qxc6 Qxd3 42. Qxe6 Qg6 43. Qe5+ Kh6 44. Rf6 Qxf6 45. Qxf6+ Kh7 46.
Qxd4 Kg6 47. Qe5 Kf7 48. b4 Kg6 49. Kf2 Kf7 50. a4 Kg6 51. a5 Kf7 52. Qd6 Ke8
53. Qe6+ Kd8 54. Qc6 Ke7 55. Qd6+ Ke8 56. Qe6+ Kd8 57. Qc6 Ke7 58. Qd6+ Ke8
1/2-1/2

[Event "Retro WM 84 Glasgow"]
[Site "Salzgitter"]
[Date "2019.11.30"]
[Round "32"]
[White "Psion Sinclair QL , 7,5 MHz"]
[Black "Sandy TSB 4 La Regence , 8 MHz"]
[Result "1-0"]
[WhiteElo "1787"]
[BlackElo "1730"]
[PlyCount "95"]

1. e4 e5 2. Bc4 Nf6 3. d4 exd4 4. Nf3 d5 5. exd5 Bb4+ 6. c3 Qe7+ 7. Kf1 dxc3 8.
Nxc3 O-O 9. Qd3 Bg4 10. Bg5 Bxf3 11. Qxf3 Re8 12. Bb5 Bxc3 13. Bxe8 Bxb2 14.
Re1 Qc5 15. Bxf6 Bxf6 16. Qb3 b6 17. d6 Kh8 18. dxc7 Na6 19. Bxf7 Nxc7 20. Qc4
Qxc4+ 21. Bxc4 b5 22. Bd3 Rf8 23. h4 Bd4 24. f3 g6 25. Re7 Nd5 26. Rd7 Rc8 27.
Rxd5 Rc1+ 28. Ke2 Rxh1 29. Rxd4 a6 30. a4 bxa4 31. Rxa4 a5 32. Kf2 Kg7 33. Kg3
Rd1 34. Be4 Rd2 35. f4 Rb2 36. Rxa5 Rb4 37. Ra7+ Kh6 38. Re7 Rc4 39. f5 Rc3+
40. Kf2 Rb3 41. f6 Rb6 42. Rf7 Rb4 43. Kf3 Rb3+ 44. Kf4 Rb5 45. g4 Rc5 46. g5+
Rxg5 47. hxg5+ Kh5 48. Rxh7# 1-0

[Event "Retro WM 84 Glasgow"]
[Site "Klingenberg"]
[Date "2019.12.14"]
[Round "4"]
[White "Fidelity Prestige Glasg. CB16, 6 MHz"]
[Black "Meph. Excalibur X NY , 8 MHz"]
[Result "1-0"]
[WhiteElo "1870"]
[BlackElo "1750"]
[PlyCount "51"]

1. d4 d5 2. c4 dxc4 3. Nf3 a6 4. Nc3 Be6 5. e4 b5 6. Be2 Nf6 7. O-O Nbd7 8. Ng5
Nb6 9. Nxe6 fxe6 10. Bf3 Qb8 11. e5 Nfd5 12. Bd2 Qb7 13. Ne4 Nd7 14. a4 Qa7 15.
axb5 Qxd4 16. Bc3 Qxd1 17. Rfxd1 Nxc3 18. Nxc3 Rd8 19. bxa6 Nxe5 20. Rxd8+ Kxd8
21. a7 Nxf3+ 22. gxf3 Kd7 23. a8=Q Kd6 24. Ra6+ Kc5 25. Na4+ Kb4 26. Qb7# 1-0

[Event "Retro WM 84 Glasgow"]
[Site "Klingenberg"]
[Date "2019.12.14"]
[Round "23"]
[White "Meph. Excalibur X NY , 8 MHz"]
[Black "Fidelity Prestige Glasg. CB16, 6 MHz"]
[Result "1/2-1/2"]
[WhiteElo "1750"]
[BlackElo "1870"]
[PlyCount "117"]

1. e4 e5 2. Nf3 Nf6 3. d4 exd4 4. e5 Ne4 5. Qxd4 d5 6. exd6 Nxd6 7. Nc3 Nc6 8.
Qf4 g6 9. Bd2 Qe7+ 10. Be2 Be6 11. Ne5 Nxe5 12. Qxe5 f6 13. Qd4 Nf5 14. Qa4+
Bd7 15. Qb3 Nd4 16. Qxb7 Bc6 17. Qa6 Bxg2 18. O-O-O Bxh1 19. Rxh1 Nxe2+ 20.
Nxe2 Rd8 21. Ng3 Qd6 22. Re1+ Be7 23. Qa4+ Qd7 24. Qb4 c5 25. Qc3 Qd4 26. f3
Qxc3 27. Bxc3 Kf7 28. Ba5 Rd5 29. b3 c4 30. Bc3 Ba3+ 31. Bb2 Bxb2+ 32. Kxb2 c3+
33. Kxc3 Rc8+ 34. Kb2 Rd2 35. Rc1 Rxh2 36. Ne4 Ke6 37. b4 Ke5 38. Kb3 f5 39.
Nc5 Kf4 40. Rf1 Ke3 41. f4 h5 42. c4 Rh3 43. Ka4 Rc6 44. Kb5 Rb6+ 45. Ka5 Rf3
46. Rxf3+ Kxf3 47. Nd7 Kxf4 48. Nxb6 axb6+ 49. Kxb6 h4 50. c5 h3 51. c6 h2 52.
c7 h1=Q 53. c8=Q Qe4 54. b5 Qd4+ 55. Qc5 Qf6+ 56. Qc6 Qd4+ 57. Qc5 Qf6+ 58. Qc6
Qd4+ 59. Qc5 1/2-1/2

[Event "Retro WM 84 Glasgow"]
[Site "Klingenberg"]
[Date "2019.12.14"]
[Round "28"]
[White "Psion Sinclair QL , 7,5 MHz"]
[Black "Conchess T6 Glasgow , 5,5 MHz"]
[Result "1-0"]
[WhiteElo "1787"]
[BlackElo "1898"]
[PlyCount "119"]

1. d4 d5 2. Nf3 Nf6 3. c4 c6 4. Nc3 e6 5. e3 Bd6 6. Bd3 Nbd7 7. O-O O-O 8. Qc2
dxc4 9. Bxc4 b5 10. Bd3 Bb7 11. Bd2 a5 12. Rac1 Qe7 13. Ne4 Bc7 14. Nxf6+ Nxf6
15. Ne5 Rac8 16. a3 Bb6 17. b4 Qd8 18. Bc3 axb4 19. axb4 Qd6 20. Bd2 Qd5 21.
Nf3 Ra8 22. Ra1 Qh5 23. Rxa8 Rxa8 24. Ne5 Rc8 25. Ra1 Nd5 26. h3 Rc7 27. Rc1
Qh4 28. Nf3 Qh5 29. e4 Ne7 30. Bg5 Nc8 31. Be2 Ne7 32. Bf4 Rc8 33. Bd6 Ng6 34.
Qd2 Nf8 35. Ne5 Qh6 36. Qxh6 gxh6 37. Bxf8 Rxf8 38. Nd7 Bxd4 39. Nxf8 Kxf8 40.
g4 Kg7 41. Kg2 c5 42. bxc5 Bxe4+ 43. Bf3 Bxf3+ 44. Kxf3 Be5 45. c6 Bc7 46. Rd1
Be5 47. Rd7 h5 48. gxh5 b4 49. c7 Bxc7 50. Rxc7 b3 51. Kg4 b2 52. Rb7 b1=Q 53.
Rxb1 Kh6 54. f4 Kg7 55. Rb6 Kf6 56. f5 Ke5 57. fxe6 fxe6 58. h6 Kf6 59. h4 Kf7
60. Kg5 1-0